[Event "Olympiad-36"]
[Site "Mallorca"]
[Date "2004.10.18"]
[Round "4"]
[White "Soppe, Guillermo"]
[Black "Parligras, Mircea Emilian"]
[Result "1-0"]
[WhiteElo "2433"]
[BlackElo "2559"]
[Annotator "Gershon,A"]
[PlyCount "61"]
[EventDate "2004.10.15"]
[EventType "team-swiss"]
[EventRounds "14"]
[EventCountry "ESP"]
[SourceTitle "CBM 104"]
[Source "ChessBase"]
[SourceDate "2005.01.27"]
[SourceVersion "1"]
[SourceVersionDate "2005.01.27"]
[SourceQuality "1"]
[WhiteTeam "Argentina"]
[BlackTeam "Romania"]
[WhiteTeamCountry "ARG"]
[BlackTeamCountry "ROU"]

1. d4 Nf6 2. Nf3 e6 3. e3 b6 4. Bd3 Bb7 5. O-O g6 6. c4 Bg7 7. Nc3 c5 8. d5
exd5 9. cxd5 Nxd5 10. Nxd5 Bxd5 11. Bxg6 hxg6 12. Qxd5 Nc6 13. e4 Rh5 14. e5
$146 {The strength of this novelty is rather psychological, than objective.
Unless black is tempted to take the pawn, this move isn't improving white's
position much.} (14. Bg5 Bf6 (14... Qc7 15. Rad1 Kf8 16. g4 Rh8 17. Kg2 Re8 18.
h3 Bxb2 19. Rfe1 Kg7 20. Re2 Bd4 $15 {0-1 Gausel,E-Hansen,S/Reykjavik 2000/CBM
79/[Gershon] (47)}) 15. h4 Qe7 16. g3 O-O-O 17. Bxf6 Qxf6 18. Ng5 Rf8 19. Rad1
Qd8 20. e5 $16 {1/2-1/2 Gausel,E-Andersson,U/Sweden 1999/EXT 2002 (37)}) (14.
Qd3 Qf6 15. Rb1 Rd8 {1/2-1/2 Novkovic,M-Stocek,J/Presov 2000/CBM 79}) 14...
Bxe5 $2 {Honestly, I have a hard time explaining this move. Not only that it
looks dangerous, but black is also facing a novelty - and this would naturally
be the first line for one to analyse. And furthermore, what could have black
missed while capturing the pawn? Looks like a total blackout.} (14... Qe7 {
[%cal Ge7e6] and Black is perfectly OK!}) 15. Re1 {Now white's play unfolds
virtually by itself!} f6 ({on} 15... Qe7 {a typical line would look like:} 16.
Bf4 f6 17. g4 $1 Rh3 18. Bxe5 fxe5 19. Rxe5 $1 {it wasn't my idea - I swear!}
Nxe5 20. Nxe5 Rc8 21. Re1 $18 {(special credits to his majesty Fritz the 8th!)}
) 16. Nxe5 Rxe5 (16... Nxe5 17. f4 $18) (16... fxe5) 17. Bf4 Ne7 18. Rxe5 {
The most precise.} (18. Qd6 Rxe1+ 19. Rxe1 Kf7 {is less convincing.}) 18...
fxe5 19. Qxe5 d6 20. Qf6 {Of course, white is not tempted by the pawn, when
there's king on the stake.} Nc8 21. Qxg6+ {The amazing part is that white
plays this position being a pawn up!} (21. Re1+ {is, perhaps, more precise,
but white wants to carry on with the attack being a pawn up - a reasonable
decision.} Kd7 22. Qf7+ Kc6 23. Rd1 {[%csl Ra8][%cal Gf7d5]} Rb8 (23... d5 24.
Qe6+ $18) 24. b4 $1 Qd7 25. Qd5+ Kc7 26. bxc5 {is kinda one sided.}) 21... Kd7
22. Rd1 Qe7 23. h4 {That's a nasty move! Underlining the hoplessness of
black's position.} Qe6 24. Qh7+ Kc6 25. h5 {Black could've resigned here as
well.} Rb8 26. f3 (26. b4 {is more to my taste.}) 26... Qxa2 $1 {and this move
shows some sense of humor.} (26... Rb7 27. Qe4+ Qxe4 28. fxe4 Rh7 29. h6 {
[%cal Gg2g7] is trivial.}) 27. Qe4+ Kd7 28. h6 Qb3 29. Rd3 Qxb2 {Black's a
pawn up now - hurray!} 30. h7 Kc7 31. Be5 1-0

[Event "POL-ch 59th"]
[Site "Warsaw"]
[Date "2002.04.29"]
[Round "1"]
[White "Kempinski, Robert"]
[Black "Bartel, Mateusz"]
[Result "0-1"]
[WhiteElo "2570"]
[BlackElo "2417"]
[Annotator "Gershon,A"]
[PlyCount "94"]
[EventDate "2002.04.29"]
[EventType "tourn"]
[EventRounds "13"]
[EventCountry "POL"]
[EventCategory "10"]
[SourceTitle "CBM 089"]
[Source "ChessBase"]
[SourceDate "2002.08.12"]
[SourceVersion "1"]
[SourceVersionDate "2002.08.12"]
[SourceQuality "1"]

1. d4 Nf6 2. c4 e6 3. Nf3 Bb4+ 4. Nbd2 b6 5. a3 Bxd2+ 6. Qxd2 Bb7 7. e3 O-O 8.
Be2 d6 9. O-O Ne4 10. Qd3 f5 11. b4 Nd7 12. Bb2 Rf6 (12... Qf6 13. Nd2 Rae8 14.
f3 Ng5 15. a4 Qg6 16. Qc2 c5 17. bxc5 bxc5 18. Kh1 Qh6 19. a5 Nf6 20. dxc5 Nh5
21. Kg1 dxc5 22. f4 Ne4 23. Bf3 $14 {1-0 Gelfand,B-Ionov,S/Klaipeda 1988/CBM
11 (40)}) 13. d5 Rg6 14. Rad1 e5 $6 {Black shouldn't hurry relieving the
pressure off the center. After the text, white hands are untied, as he doesn't
have to worry about his 'd5' pawn anymore, and can slowly prepare f2-f4.} (
14... Qe7 {is more in the spirit of the position} 15. Ne1 a5 16. f3 Ng5 17. Nc2
exd5 18. cxd5 Ba6 $1 {gaining an important square for a knight.} 19. b5 Nc5 20.
Qd2 Bb7 21. Nd4 Rf8 {With an unclear position in: Kempinski-Aronian/1999}) 15.
Qc2 Rh6 {The rook has nothing to do on g6 anymore. However, if that was
black's idea, why not play 13...e5 and Rh6 in one try?} 16. g3 (16. Nd2 {
is strongly met with:} Qh4 17. h3 Ng5 $40) 16... g5 17. Nd2 Ndf6 ({an attempt
to create an attack on the king fails after:} 17... Nxd2 18. Qxd2 g4 {[%cal
Gd8g5,Gg5h5]} 19. e4 $1 $16 {[%csl Rf5,Rg4,Rh6]}) 18. f4 Nxd2 19. Qxd2 gxf4 20.
exf4 e4 21. Qd4 $16 {[%cal Gb2h8] White has a big advantage here. Black has
nothing to put up against white's dark bishop, whereas black bishop is very
limited by own pawns} Qe7 22. Rfe1 Qg7 23. c5 Rf8 (23... Bxd5 {loses a piece:}
24. Qxd5+ Nxd5 25. Bxg7 Kxg7 26. Rxd5) 24. Rd2 Rg6 25. Bc4 {Slowly improving
the position: defending the king, protecting crucial squares, before the
decisive assault.} h5 {the only way for black to get counterplay. If black
plays passively, white will play c6 and invade along the 'a' file} 26. Kh1 Kh7
27. c6 Bc8 28. Rg1 Rg8 {[%cal Gh5h4]} 29. Rdd1 {[%csl Rg1]} Qh6 (29... h4 30.
gxh4) 30. Be2 h4 $6 {Black opens up the 'g' file, however, it's much more in
white's favor than black's. Black should have waited with this move, untill
white begins an active play on the queen side.} (30... R8g7) 31. gxh4 Qxh4 32.
Rxg6 Rxg6 33. Rg1 Rh6 (33... Rxg1+ 34. Qxg1 {[%csl Rc8][%cal Gg1g7,Yb2g7] And
it's white who benefits from the open 'g' file}) 34. Rg2 Qxf4 35. Qg1 {black
is a pawn up now, but his position is very difficult, since the differnce
between the light pieces is too big} Ng4 {preventing the mate threat but after:
} (35... e3 36. Rg7+ Kh8 37. Rg8+ Kh7 38. Qg7#) 36. Bxg4 fxg4 37. Rf2 ({
of course not:} 37. Qd4 $2 Qf1+ 38. Rg1 $4 Rxh2+ 39. Kxh2 Qh3#) 37... Qg5 38.
Rf7+ Kg8 39. Rxc7 $4 {white is greedy! This move throws the game away. The
simple:} (39. Rg7+ $142 Qxg7 40. Bxg7 Kxg7 41. Qd4+ Kg8 42. Qxe4 {[%csl Ra7,
Rc7,Rc8][%cal Ge4e8] would yield white a well deserved win.(although not
without difficulty.)}) ({the tempting:} 39. Qf2 $2 {leads only to a draw after:
} Rxh2+ $1 40. Kxh2 Qh5+ 41. Kg1 Qxf7 42. Qh4 {with a perpetual}) 39... Qf5 40.
Qg2 (40. Rg7+ Kf8 {and white has trouble finding a useful move!}) (40. Rxc8+
Qxc8 41. Qd4 Qf8 {and black wins}) 40... e3 $19 41. Bc1 Rh3 {within two moves
the position becase -+ instead of +-} 42. Kg1 Rf3 $2 {Returning the favor. The
text allows white to protect from all the threats.} (42... Ba6 $1 $19 {was
essential - white has no defence from Rf3-f1}) 43. Qe2 Qf8 44. Bb2 $2 (44. Bxe3
$1 {Missing an excellent opportunity to regain the lost advantage:} Qe8 45. Qb2
$1 Qxe3+ 46. Kg2 {[%csl Rc8,Rg7] black cannot defend both threats
simultaneously.} Qg5 47. Rxc8+ {and it's white who's winning again}) 44... Qe8
45. Qd3 $2 {Misevaluating the position arising after black's 46th move} (45.
Bc3 {and the position is still unclear}) 45... Bf5 46. Qc3 Qe5 $1 47. Qc1 $2 {
the final blunder!} ({after} 47. Qxe5 dxe5 48. d6 e2 49. Bc3 $1 Rxc3 50. Kf2
Re3 51. Ke1 {black would have to find:} g3 $3 {freeing the 'g4' square for the
bishop. Now black wins} 52. d7 Rd3 53. hxg3 (53. Rc8+ Kh7 54. d8=Q Rxd8 55.
Rxd8 gxh2 $19) 53... Bg4 54. Rc8+ Kh7 55. d8=Q Rd1+ $19) 47... Rg3+ 0-1

[Event "Lausanne YM 5th"]
[Site "Lausanne"]
[Date "2004.09.17"]
[Round "2.1"]
[White "Mamedyarov, Shakhriyar"]
[Black "Alekseev, Evgeny V"]
[Result "1-0"]
[WhiteElo "2662"]
[BlackElo "2606"]
[Annotator "Gershon,A"]
[PlyCount "67"]
[EventDate "2004.09.15"]
[EventType "k.o."]
[EventRounds "3"]
[EventCountry "SUI"]
[SourceTitle "CBM 104"]
[Source "ChessBase"]
[SourceDate "2005.01.27"]
[SourceVersion "1"]
[SourceVersionDate "2005.01.27"]
[SourceQuality "1"]

1. d4 Nf6 2. Nf3 e6 3. e3 b6 4. Bd3 Bb7 5. O-O d5 6. c4 Nbd7 7. Nc3 Bd6 8. cxd5
exd5 9. Qc2 a6 10. e4 dxe4 11. Nxe4 O-O 12. Nxd6 cxd6 13. Bf4 Rc8 ({In a much
earlier game black tried to sac a pawn:} 13... Bxf3 14. gxf3 Nd5 15. Bxd6 Qg5+
{but after} 16. Bg3 f5 17. Qc6 f4 18. Qxd7 fxg3 19. hxg3 Nf4 20. Bc4+ Kh8 21.
Qg4 {1-0 Chatalbashev,B-Naumkin,I/Porto San Giorgio 2000/EXT 2001 (36) White
refuted the attack and converted the material into a full point.}) 14. Qb3 Nb8
$2 {Only this is new, and not very fortunate. There is a point to this move,
of course: black wants to transfer a poorly placed knight. However, c6 is
hardly the best place for a knight here. Black should strive to occupying the
'd5' square with a knight.} (14... Ne8 $142 15. Bf5 Rc6 16. Rfe1 Ndf6 17. Re2
Bc8 18. Bd3 Nc7 19. Rae1 $14 {0-1 Chatalbashev,B-Nagy,E/Balatonlelle 2002/EXT
2004 (39) did not look too convincing for white}) 15. Bf5 $1 {Disharmonizing
black forces.} Bd5 16. Qa3 Rc6 {[%csl Rb8] The N on b8 looks quite silly now.}
17. Bg5 $1 $16 h6 18. Bh4 a5 {It's really hard to offer an improvement for
black.} (18... Re8 19. Rfe1 Rxe1+ 20. Rxe1 {[%cal Gh4f6]} g5 $140 21. Nxg5 hxg5
22. Bxg5 $18 {[%cal Ga3g3,Ga3h3]}) 19. Rfe1 Na6 20. Qe3 (20. Nd2 Nb4 21. Ne4
Bxe4 (21... g5 22. Nxg5 hxg5 23. Bxg5 Kg7 24. Qg3 $18) 22. Bxe4 d5 23. Bf5 $16)
20... Nc7 21. Nd2 Ne6 (21... Re8 $4 22. Bxf6 Qxf6 23. Qxe8+) 22. Ne4 g5 {
Black, of course, saw white's next move, but he put hopes on his 24th move.
However, Black king is way too weak in the line for him to survive.} (22...
Bxe4 $142 23. Bxe4 d5 24. Bd3 {keeping a very unpleasant pressure} ({weaker is
} 24. Bxf6 Qxf6 25. Bxd5 Rc2 26. Bxe6 fxe6 27. Re2 $16)) 23. Nxg5 hxg5 24. Bxg5
{[%cal Gg5h6,Ye3g3]} Ng4 (24... Re8 25. Qg3 Nh5 26. Qg4 Qxg5 27. Rxe6 Qxg4 28.
Rxe8+ Kg7 29. Bxg4 Nf6 30. Re3 Nxg4 31. Rg3 $18) 25. Qh3 Nxg5 26. Qxg4 {
[%cal Gh2h4]} Kh8 27. Re3 {White's play unfolds very naturaly, and black's
extra piece is not felt.} Rg8 $8 (27... Qf6 28. Rh3+ $1 Kg8 (28... Nxh3+ 29.
Qxh3+ Kg7 30. Qh7#) 29. Rh5 $18) 28. Qh5+ Kg7 29. Rg3 Kf6 (29... f6 30. f4 Rh8
31. Qg6+ $18) 30. Bd3 (30. f4 {would have been even more convincing.} Kxf5 31.
fxg5 Ke6 32. Qh3+ Ke7 33. Re1+ Kf8 34. Qh6+ Rg7 35. Rge3 $18) 30... Qc8 31. Rf1
Rc1 32. h4 {Now it's all over.} Nh3+ (32... Rxf1+ 33. Bxf1) 33. gxh3 Qxh3 34.
Qg5+ {nice} 1-0

[Event "Dortmund m"]
[Site "Dortmund"]
[Date "2003.08.06"]
[Round "6"]
[White "Belikov, Vladimir"]
[Black "Baramidze, David"]
[Result "1-0"]
[WhiteElo "2499"]
[BlackElo "2470"]
[Annotator "Gershon,A"]
[PlyCount "73"]
[EventDate "2003.07.31"]
[EventType "match"]
[EventRounds "10"]
[EventCountry "GER"]
[SourceTitle "CBM 097"]
[Source "ChessBase"]
[SourceDate "2003.11.11"]
[SourceVersion "1"]
[SourceVersionDate "2003.11.11"]
[SourceQuality "1"]

1. d4 d5 2. Nf3 Nf6 3. c4 e6 4. e3 Be7 5. b3 O-O 6. Bd3 b6 7. O-O Bb7 8. cxd5
exd5 9. Bb2 (9. Nc3 c5 10. Bb2 Na6 11. Rc1 Nc7 12. dxc5 bxc5 13. Na4 Nd7 14.
Ne5 Nxe5 15. Bxe5 Ne6 16. Bf5 $16 {1-0 Janssen,R-Werle,J/Dieren NED 2003/The
Week in Chess 456 (26)}) 9... Nbd7 (9... c5 10. Nbd2 $6 (10. dxc5 $142 bxc5 11.
Nc3 {makes more sense}) 10... Nbd7 11. Qe2 Ne4 12. Rfd1 Qc7 13. Ne5 Nxe5 14.
dxe5 f5 15. f3 Nxd2 16. Rxd2 a6 17. a4 f4 $1 $13 {0-1 Pecorelli Garcia,
H-Gongora,M/Havana CUB 2003/The Week in Chess 445 (38). (38)}) 10. Nc3 c5 11.
Ne5 Nxe5 $6 {Giving white a pawn majority on the K side, hoping to compensate
it with a strong center. However, the pawns are not mobile, and will become
targets for white pieces.} (11... cxd4 12. exd4 Ne4 13. Qe2 Ndf6 (13... Nxe5
14. dxe5 (14. Bxe4 dxe4 15. dxe5 Qd4 16. Rad1 Qxe5 17. Nd5 Qg5 18. Qxe4 $11)
14... Nxc3 15. Bxc3 d4 16. Bb2 Qd5 $11) 14. f3 Nxc3 15. Bxc3 Rc8 16. Bd2 Ne4 (
16... Re8 17. Bb5 Rf8 18. Qd3 $14) 17. Bf4 $14 {Belikov,V (2499)-Baramidze,D 
(2470) Dortmund m 2003 (4) 1-0}) 12. dxe5 Ne4 13. Ne2 $1 {[%csl Rd5][%cal
Ge2f4]} Rc8 $2 {Careless. Black should have worried about the position of his
N.} (13... Ng5 $142 14. Qc2 h6 $14) 14. Rc1 Rc7 (14... c4 15. Bxe4 dxe4 16.
bxc4 $16) (14... Bg5 $142 15. Nf4 Bxf4 16. exf4 $16 {[%csl Re4][%cal Gf2f3]})
15. Nf4 Qc8 $6 (15... Re8 16. Qc2 $16 {[%cal Gf1d1]}) (15... h6 16. e6 Qd6 17.
Bxe4 dxe4 18. Qg4 $16) 16. Qc2 {[%csl Re4][%cal Gf4d5] Suddenly black has to
give up a pawn.} c4 (16... Qa8 17. f3 Ng5 18. h4 Ne6 19. Nxe6 fxe6 20. Bxh7+
$18) 17. bxc4 h6 18. f3 Ng5 19. Qe2 $16 dxc4 20. Bxc4 Bc5 21. Bb5 $2 {Losing a
tempo and improving black's position.} (21. Kh1 $142 {is always a useful move.}
) 21... a6 22. Ba4 b5 23. Bb3 Rd8 24. Kh1 Qf5 25. Bc2 Qc8 26. Bb3 Qf5 27. Bc2
Qc8 28. Bb1 {[%cal Gh2h4,Ge2c2]} Ne6 29. Nh5 $6 {there will be no attack on
the K, therefore, it'd be better to fight for the open files.} (29. Rfd1 $142
$16) 29... Bb4 30. Rxc7 Qxc7 31. Rd1 Rxd1+ 32. Qxd1 Bc3 ({it would have been
stronger to get some space} 32... Qc4 $14) 33. Bxc3 Qxc3 34. Nf4 Qxe3 $4 {
losing on the spot} (34... Nf8 35. Nd3 $16) 35. Nxe6 fxe6 36. Qd8+ Kf7 37. Qc7+
(37. Qc7+ Kf8 38. Qb8+ Kf7 39. Qxb7+ Ke8 40. Bg6+ Kd8 41. Qb8+ Kd7 42. Qd6+ $18
) 1-0

[Event "Wch U20"]
[Site "Yerevan"]
[Date "2000.10.02"]
[Round "13"]
[White "Gershon, Alik"]
[Black "Aronian, Levon"]
[Result "1-0"]
[WhiteElo "2502"]
[BlackElo "2551"]
[Annotator "Gershon,A"]
[PlyCount "68"]
[EventDate "2000.09.02"]
[EventType "swiss"]
[EventRounds "13"]
[EventCountry "ARM"]
[SourceTitle "CBM 078 Extra"]
[Source "ChessBase"]
[SourceDate "2000.11.10"]
[SourceVersion "1"]
[SourceVersionDate "2000.11.10"]
[SourceQuality "1"]

1. d4 Nf6 2. c4 e6 3. Nf3 Bb4+ 4. Nbd2 O-O 5. a3 Bxd2+ 6. Qxd2 d6 7. e3 b6 8.
Be2 Nbd7 9. O-O Bb7 10. b4 Ne4 11. Qd3 f5 12. Bb2 Rf6 (12... Qf6 13. Nd2 Qg6 (
13... Rae8 14. f3 Ng5 15. a4 Qg6 16. Qc2 c5 17. bxc5 bxc5 18. Kh1 Qh6 19. a5
Nf6 20. dxc5 Nh5 21. Kg1 dxc5 22. f4 Ne4 23. Bf3 $14 {1-0 Gelfand,B-Ionov,S/
Klaipeda 1988/CBM 11 (40)}) 14. f3 Nef6 15. Rae1 a5 16. Bd1 axb4 17. axb4 e5
18. dxe5 dxe5 19. Qc3 e4 20. f4 c5 21. Nb3 Bc6 22. Rf2 Qf7 23. Rd2 Qe7 24. bxc5
Nxc5 25. Qb4 $14 {1-0 Georgiev,K-Rogers,I/Germany 1998/GER-chT (43)}) (12... a5
13. d5 e5 14. Nd2 $14) (12... Qe7 13. Nd2 (13. Rad1 Ndf6 (13... Rf6 $6 14. d5
e5 15. Nh4 $1 g6 16. f3 Ng5 17. f4 Nf7 (17... Ne4 18. g4 $1 Rf7 19. gxf5 Qxh4
20. fxg6) 18. e4 $1 fxe4 19. Qxe4 Re8 20. Bd3 Qd8 21. f5 g5 22. Ng6 $1 Nh6 23.
Bc1 hxg6 24. Bxg5 {1/2-1/2 Browne,W-Zlochevskij,A/Philadelphia/1991/ (40)}) 14.
Nd2 Rae8 (14... Rae8 15. f3 Ng5 16. Rde1 h5 17. Bd1 h4 18. e4 h3 19. g3 fxe4
20. fxe4 Nfh7 21. Qe3 Rxf1+ 22. Rxf1 Rf8 23. Rf4 e5 24. dxe5 dxe5 25. Rxf8+
Nxf8 26. Bg4 {1/2-1/2 Browne,W-Rohde,M/USA-op (08)/1987/ (38)})) 13... e5 (
13... Nxd2 14. Qxd2 Rf6 (14... e5 $10) 15. f3 Rh6 16. Rf2 Qh4 (16... Rf8 17. a4
e5 18. a5 f4 19. exf4 exf4 20. axb6 axb6 21. Ra7 Qh4 22. h3 Bc8 23. Rxc7 Qg3
24. c5 Rxh3 {0-1 Yakovich,Y-Izeta,F/Sevilla op (05)/1994/ (31)}) 17. g3 Qe7 18.
Rc1 a5 19. c5 Bd5 20. cxb6 cxb6 21. bxa5 bxa5 22. Bc3 Qd8 23. Bd3 Rf6 24. Rcf1
Qb6 25. e4 Bb3 {Petrosian,A-Reshevsky,S/Palma de Mallorca GMA (05)/1989/1/2-1/
2 (65)}) 14. d5 Nxd2 15. Qxd2 f4 16. exf4 Rxf4 17. g3 Rff8 18. Bg4 $16 {
1/2-1/2 Browne,W-Larsen,B/Naestved (03)/1985/ (33)}) (12... Ng5 13. Nxg5 Qxg5
14. d5 Rae8 15. f4 Qe7 16. Bh5 Rd8 17. Bf3 Nf6 18. Rae1 Rfe8 19. e4 fxe4 20.
Bxe4 Nxe4 21. Rxe4 Qf7 22. Rxe6 Rxe6 23. dxe6 Qxe6 24. f5 Qf7 25. Rf4 {1/2-1/2
Haritakis,T-Tzoumbas,A/GRE-ch94 Glyfada (08)/1995/ (42)}) 13. d5 Rh6 $146 {
Black is trying to improve over his game against Kempinski.} (13... Rg6 14.
Rad1 (14. dxe6 $6 Nf8 15. c5 (15. Ne1 Nxe6 16. f3 Qg5 $1 17. f4 Qh4 18. Qc2 Rh6
19. Nf3 Qh5 20. c5 bxc5 21. Rad1 g5 22. h3 g4 23. Nh2 Qh4 $19 {Twardon,
M-Nikolenko,O/Katowice op 1993}) 15... Nxe6 16. cxd6 cxd6 17. Rad1 Kh8 18. Ne1
$4 (18. Qb5 $1 f4 $1 $132) 18... N6g5 $19 {/\Nh3} 19. Kh1 Nh3 $1 {0-1 Gelfand,
B-Illescas Cordoba,M/Madrid 1996/CBM 53/[Dautov] (19)}) (14. Ne1 $5 Qh4 15. f4
$13) 14... Qe7 15. Ne1 a5 16. f3 Ng5 17. Nc2 exd5 18. cxd5 Ba6 $1 19. b5 Nc5
20. Qd2 Bb7 21. Nd4 Rf8 22. Bc4 Rh6 23. Rde1 $14 {1/2-1/2 Kempinski,R-Aronian,
L/Batumi 1999/CBM 74 (45)}) (13... e5 $2 14. Nh4 $1 {/\Nxf5} g6 15. f3 Ng5 16.
f4 Ne4 17. Nf3 Qe7 18. Nd2 Nxd2 19. Qxd2 Rf7 20. e4 $1 fxe4 (20... exf4 21.
exf5 Rxf5 22. Bg4 $18) 21. Bg4 Nf8 22. fxe5 Rxf1+ 23. Rxf1 dxe5 24. Re1 $1 (24.
Qe3 $6 $16 {Miles,A-Mascarinas,R/Lugano 1986}) 24... Bc8 25. Bd1 $1 Bf5 26. g4
{/\ Re4 +-}) 14. dxe6 $1 {The point is that with the R on h6 black has no
pressure on g2, which allows white to move his N realtively safely, this
explains his last move: now the 'f5' pawn is weakened and becomes a clear
target for the N.} Nf8 (14... Rxe6 15. Nd4 $16) 15. Nd4 Qh4 16. h3 Qg5 $2 {
Unbelievably this natural move is a bad mistake! However, it's difficult to
play a move such as 16...g6 cutting the R off the game} (16... g6 $142 17. Bf3
Re8 18. c5 $1 dxc5 (18... Nxe6 19. Nxe6 Rxe6 20. Qd4 $16) 19. bxc5 Nxc5 20. Qc3
$40 Na4 $140 21. Qxc7 Re7 22. Qb8 {and the absense of the R on h6 is felt}) (
16... Rg6 17. Nxf5 Rxg2+ (17... Qxh3 $4 18. Ne7+ Kh8 19. Nxg6+ $18) (17... Nc5
18. Nxh4 Nxd3 19. Nxg6 $18) 18. Kxg2 Nxf2+ 19. Bf3 Bxf3+ (19... Qxh3+ 20. Kxf2
Qxf3+ 21. Ke1 $18) 20. Kxf3 Nxd3 21. Nxh4 Nxb2 22. e7 $18) 17. f4 $1 {This 
(and mainly the next move) is what black has probably missed in his home
preparation.} Qg6 18. Nxf5 $1 Qxf5 19. Bg4 Qg6 20. e7 {Simply recapturing the
N, and keeping an extra pawn. However, black has some counterplay based on the
'b7' B} Rh4 21. f5 Qg5 22. f6 $1 ({trying to keep the extra pawn would be
dangerous} 22. exf8=Q+ Rxf8 $44 {/\ h7-h5 xg2}) 22... gxf6 $6 ({I was mainly
calculating:} 22... Nxf6 {leading to an endgame after a fantastic variation}
23. Rf5 Qg6 24. Raf1 $1 N8d7 (24... Rxg4 25. exf8=Q+ Rxf8 26. hxg4 Qxg4 27.
R5f2 {and the extra exchange will decide}) 25. Rxf6 $1 Nxf6 (25... Qxd3 26.
Be6+ Kh8 27. Rf8+ $18) (25... gxf6 26. Be6+ Kh8 27. Qxg6 hxg6 28. Bxd7 $18) 26.
Be6+ Kh8 27. Qxg6 hxg6 28. Rxf6 $1 gxf6 29. Bxf6+ Kh7 30. Bxh4 Kg7 $8 {White
was threatenning Bf6 cutting the K off the game} 31. Bg5 {/\ g2-g4, h3-h4-h5
with big advantage. However this was the best choice of black's}) 23. exf8=Q+
Rxf8 24. Rf4 {forcing the N away from e4 thus considerably weakenning the
a1-h8 /^} Ng3 (24... h5 25. Be6+ Kh8 26. Rxh4 (26. Bd5 $5 Bxd5 27. cxd5 Rxf4
28. exf4 Qxf4 29. Rf1 Qd2 $8 (29... Qh4 30. Qe3 $1 $18) 30. Qxe4 Qxb2 31. Qg6
$18 {/\ Rf5}) 26... Qxh4 27. Rf1 $16) 25. Kh2 $2 {could have led to serious
difficulties to realize the advantage.} (25. Bf3 Bxf3 26. Rxf3 {with huge
advantage for white.}) 25... Nh5 26. Be6+ Kg7 27. Rg4 Rxg4 28. Bxg4 Re8 $2 (
28... Qh4 $142 $1 29. Qe2 (29. e4 Qf2 $1 $132) 29... Kg6 30. e4 (30. Qe1 Qxe1
31. Rxe1 Be4 $1 $11) 30... Qg3+ 31. Kh1 Nf4 32. Qf3 Qxf3 33. gxf3 $16) 29. Qf1
$1 {A very precise move, underlining all the problems of black's position 
(weakness of the K, the cut-off N, white's strong bishops.)} Ng3 $2 {a bluder
in a lost position} (29... Rf8 {was the only move that would still allow black
to hold} 30. Qe2 Kg6 31. Rf1 $16 {/+-}) 30. Kxg3 h5 31. Qf5 h4+ 32. Kf2 (32.
Kh2 Qxf5 33. Bxf5 Rxe3 34. Rc1 Re2 35. Rc2 $18) 32... Qxe3+ 33. Kf1 Qe7 34.
Qg5+ Kf8 (34... Kf8 35. Qxf6+ $18 (35. Bxf6 $18)) 1-0